000 00354nam a2200145 i 4500
001 bg
100 1 _aBRONIAREK, Andrzej
245 0 _aLondyn i okolice :
_bprzewodnik turystyczny /
_cA. Broniarek.
260 _aWarszawa,
_c1987.
040 _cBPK
041 _apol
080 _a914.10(036)
942 _cKS
008 s pl f |000 0 pol
999 _c23682
_d23682
856 _uhttp://koha.tu.koszalin.pl/cgi-bin/koha/opac-detail.pl?biblionumber=23682
_yKatalog online BPK